Courts on Trial: (Record no. 613339)
[ view plain ]
| 000 -LEADER | |
|---|---|
| fixed length control field | 00364nam a22001217a 4500 |
| 020 ## - INTERNATIONAL STANDARD BOOK NUMBER | |
| International Standard Book Number | 9780691027555 |
| 082 ## - DEWEY DECIMAL CLASSIFICATION NUMBER | |
| Classification number | 347.7301 |
| Author Mark | FRA |
| 100 ## - MAIN ENTRY--PERSONAL NAME | |
| Personal name | Frank, Jerome |
| 245 ## - TITLE STATEMENT | |
| Title | Courts on Trial: |
| Remainder of title | Myth and Reality in American Justice / |
| Statement of responsibility, etc. | Jerome Frank |
| 260 ## - PUBLICATION, DISTRIBUTION, ETC. | |
| Name of publisher, distributor, etc. | Princeton University Press, |
| Date of publication, distribution, etc. | 1973. |
| 650 ## - SUBJECT ADDED ENTRY--TOPICAL TERM | |
| Topical term or geographic name entry element | Law, Courts on Trial |
| 942 ## - ADDED ENTRY ELEMENTS (KOHA) | |
| Source of classification or shelving scheme | |
| Koha item type | Book |
| 650 ## - SUBJECT ADDED ENTRY--TOPICAL TERM | |
| -- | 128333 |
| Withdrawn status | Lost status | Source of classification or shelving scheme | Damaged status | Not for loan | Permanent Location | Current Location | Date acquired | Total Checkouts | Full call number | Barcode | Date last seen | Price effective from | Koha item type |
|---|---|---|---|---|---|---|---|---|---|---|---|---|---|
| NUST Law School (NLS) | NUST Law School (NLS) | 03/15/2025 | 347.7301 FRA | NLS-1416 | 03/15/2025 | 03/15/2025 | Book |
